000
00316nam a2200133Ia 4500
008
240624s9999 xx 000 0 und d
041
_a
eng
082
_a
519.5 ALA
100
_a
ALAGAR K
245
_a
BUSINESS STATISTICS
250
_a
(2nd ed.)
260
_c
2014
_a
New Delhi
_b
Tata McGraw - Hill
365
_c
RS
_b
33
999
_c
25949
_d
25949